=LDR 00000nam 2200000 4500 =001 INLIS000000000016285 =005 20130612111546 =008 ***********************************Ind** =035 ##$$0010-061300000016285 =041 ##$$a Ind =082 ##$$a 582 =090 ##$$a 582, Oda m =100 ##$$a Oda, Hidetomo =245 ##$$a Morning Glory, Hidetomo Oda ; alih bahasa, Nur Listiawati =250 ##$$a seri misteri alam =260 ##$$a 1996 $b Jakarta =300 ##$$a 32 hlm., ilus, 23 cm =650 ##$$a Morning glory =700 ##$$a Listiawati, Nur =850 ##$$a NBPNMAT